[Event "VI Open Internacional Málaga"]
[Site "Málaga ESP"]
[Date "2003.02.24"]
[Round "6.6"]
[White "Kovacevic, Slobodan"]
[Black "Vasquez, Rodrigo"]
[Result "1/2-1/2"]
[WhiteElo "2396"]
[BlackElo "2481"]
[PlyCount "36"]
[EventDate "2003.02.21"]
[Source "lmi"]
[SourceDate "2003.02.28"]

1. d4 d6 2. Bg5 Nd7 3. Nf3 Ngf6 4. Nbd2 e5 5. e3 Be7 6. Bd3 O-O 7. c3 Ne8 8.
Bxe7 Qxe7 9. Qc2 Nef6 10. O-O Re8 11. Ng5 h6 12. Nge4 d5 13. Nxf6+ Nxf6 14. Bf5
e4 15. Bxc8 Raxc8 16. Qa4 a6 17. Qb4 c6 18. Qxe7 Rxe7 1/2-1/2

[Event "VI Open Internacional Málaga"]
[Site "Málaga ESP"]
[Date "2003.02.24"]
[Round "6.7"]
[White "Paz Ladron de Guevara, Daniel"]
[Black "Cheparinov, Ivan"]
[Result "1/2-1/2"]
[WhiteElo "2323"]
[BlackElo "2478"]
[PlyCount "103"]
[EventDate "2003.02.21"]
[Source "lmi"]
[SourceDate "2003.02.28"]

1. e4 c5 2. Nc3 d6 3. Nge2 Nf6 4. g3 g6 5. d4 cxd4 6. Nxd4 Nc6 7. Nde2 Bg7 8.
Bg2 O-O 9. O-O Rb8 10. a4 a6 11. h3 b5 12. axb5 axb5 13. Nd5 Nd7 14. Rb1 b4 15.
b3 e6 16. Ne3 Nf6 17. Bb2 Qc7 18. g4 h6 19. Ng3 e5 20. Qd3 Be6 21. Rfd1 Nd4 22.
Ne2 Nxe2+ 23. Qxe2 h5 24. Bf3 hxg4 25. hxg4 Nh7 26. Rd3 Ng5 27. Bg2 Qe7 28.
Rbd1 Rb6 29. Bc1 Rc8 30. Qd2 Nh7 31. Rxd6 Rxd6 32. Qxd6 Qh4 33. Qxb4 Ng5 34.
Qd2 Bf6 35. Qe2 Kg7 36. f3 Qg3 37. Kf1 Qh2 38. Qf2 Qh8 39. Qg3 Qe8 40. Bb2 Qb5+
41. Kg1 Qe2 42. Qf2 Rxc2 43. Nxc2 Qxd1+ 44. Kh2 Bxb3 45. Ne3 Qd8 46. f4 exf4
47. e5 Be7 48. Qxf4 Be6 49. Nf5+ gxf5 50. gxf5 Qh8+ 51. Kg3 Qh5 52. fxe6
1/2-1/2

[Event "VI Open Internacional Málaga"]
[Site "Málaga ESP"]
[Date "2003.02.24"]
[Round "6.8"]
[White "Matamoros Franco, Carlos"]
[Black "Collas, Didier"]
[Result "1-0"]
[WhiteElo "2460"]
[BlackElo "2422"]
[PlyCount "67"]
[EventDate "2003.02.21"]
[Source "lmi"]
[SourceDate "2003.02.28"]

1. c4 e6 2. Nf3 b6 3. g3 Bb7 4. Bg2 Nf6 5. O-O Be7 6. Nc3 O-O 7. Re1 c5 8. e4
d6 9. d4 cxd4 10. Nxd4 Qc7 11. Ndb5 Qc6 12. Bf4 Ne8 13. Bh3 Na6 14. Rc1 g5 15.
Nd5 Bd8 16. Bxg5 Bxg5 17. Qg4 exd5 18. exd5 Qc5 19. Rxe8 Raxe8 20. Qxg5+ Kh8
21. Qf6+ Kg8 22. Nxd6 Re2 23. Rf1 Rc8 24. Bxc8 Bxc8 25. Qxf7+ Kh8 26. Qh5 Kg8
27. Qg5+ Kf8 28. Qf6+ Kg8 29. Nf5 Qf8 30. Nh6+ Qxh6 31. Qxh6 Re4 32. Qg5+ Kh8
33. Qd8+ Kg7 34. Qe7+ 1-0

[Event "VI Open Internacional Málaga"]
[Site "Málaga ESP"]
[Date "2003.02.24"]
[Round "6.9"]
[White "Alonso, Salvador"]
[Black "Fernandez Siles, Luis"]
[Result "0-1"]
[WhiteElo "2443"]
[BlackElo "2274"]
[PlyCount "223"]
[EventDate "2003.02.21"]
[Source "lmi"]
[SourceDate "2003.02.28"]

1. e4 e5 2. Nf3 Nc6 3. Bb5 a6 4. Ba4 Nf6 5. O-O Be7 6. Re1 b5 7. Bb3 d6 8. c3
O-O 9. h3 Nb8 10. d4 Nbd7 11. Nbd2 Bb7 12. Bc2 Re8 13. Nf1 Bf8 14. Ng3 g6 15.
b3 Bg7 16. d5 Nb6 17. Rb1 c6 18. c4 Qc7 19. Bd3 Nfd7 20. Be3 Nc5 21. Bf1 cxd5
22. cxd5 Nbd7 23. Qd2 Rf8 24. Rbc1 Qd8 25. b4 Na4 26. Bd3 Rc8 27. h4 Qe7 28. h5
Nab6 29. Bg5 Bf6 30. Bxf6 Qxf6 31. Qe3 Kg7 32. Rxc8 Rxc8 33. Rc1 h6 34. Rxc8
Bxc8 35. Qc1 Qd8 36. hxg6 fxg6 37. Qc6 Nb8 38. Qc3 Na4 39. Qc1 Bg4 40. Nd2 Qc8
41. Qxc8 Bxc8 42. Ne2 Nd7 43. Bc2 Nb2 44. Nc3 Nb6 45. f3 Kf6 46. Kf2 Bd7 47.
Ke2 Ke7 48. Nb3 N6a4 49. Nb1 Nc4 50. Bd3 Ncb6 51. Kd2 Nc8 52. Na5 Na7 53. Bc2
Nb6 54. Nc3 Be8 55. Bd3 Na8 56. Ke3 g5 57. g4 h5 58. gxh5 Bxh5 59. a4 Be8 60.
axb5 axb5 61. Nc6+ Bxc6 62. dxc6 Nc7 63. Bf1 Nxc6 64. Nxb5 Nxb5 65. Bxb5 Nxb4
66. Bc4 Nc2+ 67. Kf2 Nd4 68. Kg3 Kf6 69. Bf1 Ne6 70. Bc4 Ng7 71. Kg4 Kg6 72.
Bd5 Ne8 73. Be6 Nf6+ 74. Kg3 Kg7 75. Bf5 Kf7 76. Kf2 Ke7 77. Ke3 Kd8 78. Kd3
Kc7 79. Kc4 Kc6 80. Be6 Ne8 81. Bg8 Nc7 82. Bf7 Kd7 83. Kd3 Ke7 84. Bc4 Ne6 85.
Ke3 Nf4 86. Kf2 Nh5 87. Ba6 Kd7 88. Ke3 Kc6 89. Bc8 Kc5 90. Bg4 Nf6 91. Be6 Kb4
92. Bc8 Kc3 93. Be6 Kc2 94. Bc8 Kd1 95. Ba6 Kc2 96. Bc4 Kd1 97. Kf2 Kd2 98. Be6
Kd3 99. Bf5 Kd2 100. Be6 Nh5 101. Bf7 Nf4 102. Bc4 Nd3+ 103. Kg3 Ke3 104. Be6
Ne1 105. Bg4 Nc2 106. Bh5 Nd4 107. Bg4 Ne2+ 108. Kg2 Kf4 109. Kf2 Ng3 110. Bh3
Nh5 111. Ke2 Nf6 112. Bc8 0-1

[Event "VI Open Internacional Málaga"]
[Site "Málaga ESP"]
[Date "2003.02.24"]
[Round "6.10"]
[White "Parfenov, Pavel"]
[Black "Saldaño, Horacio"]
[Result "1/2-1/2"]
[WhiteElo "2252"]
[BlackElo "2442"]
[PlyCount "66"]
[EventDate "2003.02.21"]
[Source "lmi"]
[SourceDate "2003.02.28"]

1. Nf3 c5 2. c4 Nc6 3. Nc3 g6 4. g3 Bg7 5. Bg2 d6 6. d3 e5 7. a3 Nge7 8. Rb1 a5
9. O-O O-O 10. Bg5 f6 11. Bd2 Be6 12. h3 Qd7 13. Kh2 Rab8 14. e4 Kh8 15. b3 f5
16. Ng5 f4 17. Nd5 Bg8 18. Bf3 Nxd5 19. cxd5 Nd4 20. Bg4 Qe7 21. Nf3 h5 22.
Nxd4 exd4 23. Bf3 fxg3+ 24. fxg3 h4 25. gxh4 Qxh4 26. Qe1 Be5+ 27. Kg2 Qe7 28.
Bg4 Rxf1 29. Kxf1 Rf8+ 30. Kg2 b6 31. Qe2 Bf7 32. Rf1 Be8 33. Bg5 Bf6 1/2-1/2

[Event "VI Open Internacional Málaga"]
[Site "Málaga ESP"]
[Date "2003.02.24"]
[Round "6.13"]
[White "Baron Rodriguez, Jesus"]
[Black "Blazquez, Denis"]
[Result "0-1"]
[WhiteElo "2414"]
[BlackElo "2178"]
[PlyCount "208"]
[EventDate "2003.02.21"]
[Source "lmi"]
[SourceDate "2003.02.28"]

1. e4 Nf6 2. e5 Nd5 3. d4 d6 4. Nf3 dxe5 5. Nxe5 g6 6. Bc4 c6 7. O-O Bg7 8. Re1
O-O 9. Bb3 Be6 10. Qe2 Nd7 11. c4 N5b6 12. Nc3 Nxe5 13. dxe5 Qd4 14. Be3 Qxe5
15. f4 Qa5 16. Ne4 Rad8 17. Nc5 Bc8 18. Qf2 Nd7 19. Nxd7 Rxd7 20. Bxa7 Bxb2 21.
Rad1 Bc3 22. Rf1 Rxd1 23. Rxd1 Bg4 24. Bb6 Qh5 25. Rd3 Bf6 26. h3 Bc8 27. g4
Qh4 28. Qxh4 Bxh4 29. c5 Bf6 30. Kg2 h5 31. g5 Bg7 32. Bc4 Re8 33. h4 e5 34.
fxe5 Bxe5 35. Re3 Kf8 36. a4 Bg7 37. Rd3 Bf5 38. Rd6 Be5 39. Rd2 Bc3 40. Rd6
Re4 41. Bb3 Rd4 42. Rxd4 Bxd4 43. a5 Ke7 44. Bc4 f6 45. gxf6+ Kxf6 46. Kf3 Bg4+
47. Ke4 Bf2 48. Bd8+ Kg7 49. Be7 Bg3 50. Bb3 Bc7 51. Bd6 Bxa5 52. Be5+ Kh7 53.
Bg3 Bf5+ 54. Kd4 Bd8 55. Bf7 Kg7 56. Bc4 Bf6+ 57. Ke3 Be7 58. Kd4 Bf6+ 59. Ke3
g5 60. hxg5 Bxg5+ 61. Kd4 Bf6+ 62. Ke3 h4 63. Bd6 Kg6 64. Be2 Be6 65. Bf3 Bd5
66. Bg4 Bd8 67. Bc8 b5 68. cxb6 Bxb6+ 69. Kf4 Bf2 70. Bf5+ Kf6 71. Be5+ Ke7 72.
Kg5 Be6 73. Be4 c5 74. Bf6+ Kd6 75. Kf4 h3 76. Be5+ Ke7 77. Kf3 Bd4 78. Bc7 c4
79. Kg3 Bc5 80. Ba5 Bd6+ 81. Kf2 Kf6 82. Bc6 Bc5+ 83. Kg3 Ke5 84. Bc3+ Bd4 85.
Ba5 Kd6 86. Be4 Be5+ 87. Kf2 Bd5 88. Bc7+ Ke6 89. Bxd5+ Kxd5 90. Ba5 Ke4 91.
Bb4 Kf4 92. Kg1 Kf3 93. Kh1 Ke2 94. Kg1 Bf4 95. Bc3 Kd3 96. Bb2 Be3+ 97. Kh2
Bd4 98. Ba3 c3 99. Kxh3 c2 100. Kg3 Be3 101. Kf3 Bh6 102. Kf2 Kc3 103. Ke2 Kb3
104. Kd3 Bg5 0-1

[Event "VI Open Internacional Málaga"]
[Site "Málaga ESP"]
[Date "2003.02.25"]
[Round "7.3"]
[White "Matamoros Franco, Carlos"]
[Black "Cramling, Pia"]
[Result "1/2-1/2"]
[WhiteElo "2460"]
[BlackElo "2492"]
[PlyCount "27"]
[EventDate "2003.02.21"]
[Source "lmi"]
[SourceDate "2003.02.28"]

1. c4 e5 2. g3 Nf6 3. Bg2 c6 4. d4 exd4 5. Qxd4 Na6 6. Nc3 Bc5 7. Qd1 d5 8.
cxd5 Nb4 9. Nh3 Nbxd5 10. Nxd5 Nxd5 11. O-O O-O 12. Qc2 Be7 13. a3 Bg4 14. Nf4
1/2-1/2

[Event "VI Open Internacional Málaga"]
[Site "Málaga ESP"]
[Date "2003.02.25"]
[Round "7.5"]
[White "Vasquez, Rodrigo"]
[Black "Borbjerggaard, Lars"]
[Result "0-1"]
[WhiteElo "2481"]
[BlackElo "2383"]
[PlyCount "72"]
[EventDate "2003.02.21"]
[Source "lmi"]
[SourceDate "2003.02.28"]

1. d4 Nf6 2. c4 g6 3. Nc3 Bg7 4. e4 d6 5. f4 O-O 6. Nf3 e5 7. fxe5 dxe5 8. d5
Nbd7 9. Bd3 c6 10. O-O Ne8 11. Be3 Qe7 12. a3 c5 13. b4 b6 14. Qb3 f5 15. Na4
Ba6 16. bxc5 bxc5 17. Nd2 Rc8 18. Qc2 f4 19. Bf2 g5 20. Qc3 Rf7 21. Qa5 Qd6 22.
Kh1 Bf8 23. Nb3 Rf6 24. Be2 Rh6 25. g4 Rh3 26. Nd2 Be7 27. Nf3 Qh6 28. Bg1 Bd8
29. Qd2 Nd6 30. Bd3 Rg3 31. Qe2 Qh3 32. Rac1 h5 33. gxh5 g4 34. Ne1 Nf6 35. Nc3
Nxh5 36. Nd1 Re3 0-1

[Event "VI Open Internacional Málaga"]
[Site "Málaga ESP"]
[Date "2003.02.25"]
[Round "7.7"]
[White "Herrera, Irisberto"]
[Black "Paz Ladron de Guevara, Daniel"]
[Result "0-1"]
[WhiteElo "2439"]
[BlackElo "2323"]
[PlyCount "64"]
[EventDate "2003.02.21"]
[Source "lmi"]
[SourceDate "2003.02.28"]

1. d4 Nf6 2. c4 g6 3. Nc3 Bg7 4. e4 d6 5. Bd3 O-O 6. Nge2 c5 7. d5 e5 8. h3 a6
9. Bg5 h6 10. Be3 Nh5 11. Qd2 Kh7 12. g4 Nf4 13. Nxf4 exf4 14. Bxf4 Qe7 15.
O-O-O Nd7 16. Bg3 b5 17. f4 bxc4 18. Qc2 Rb8 19. Rhe1 Bd4 20. h4 Nf6 21. h5
Nxg4 22. hxg6+ fxg6 23. e5 Bf5 24. exd6 Qxd6 25. Bxf5 gxf5 26. Kb1 Qf6 27. Bh4
Bxc3 28. Bxf6 Bd2 29. Re7+ Kg6 30. Be5 Nxe5 31. Rxe5 Rfe8 32. Rg1+ Kf6 0-1

[Event "VI Open Internacional Málaga"]
[Site "Málaga ESP"]
[Date "2003.02.25"]
[Round "7.8"]
[White "Tissir, Mohamed"]
[Black "Bellon Lopez, Juan Manuel"]
[Result "1-0"]
[WhiteElo "2366"]
[BlackElo "2428"]
[PlyCount "99"]
[EventDate "2003.02.21"]
[Source "lmi"]
[SourceDate "2003.02.28"]

1. e4 c5 2. Nf3 e6 3. d4 cxd4 4. Nxd4 Nf6 5. Nc3 Nc6 6. Ndb5 Bc5 7. Bf4 O-O 8.
Bc7 Qe7 9. Bd6 Bxd6 10. Qxd6 Ne8 11. Qxe7 Nxe7 12. O-O-O f5 13. Nd6 Nxd6 14.
Rxd6 fxe4 15. Nxe4 Nf5 16. Rd2 d5 17. Ng5 Bd7 18. Bd3 g6 19. Nf3 Nd6 20. h4 Bb5
21. Bxb5 Nxb5 22. h5 Nd6 23. hxg6 hxg6 24. Ng5 Rae8 25. g3 Nc4 26. Re2 e5 27.
b3 Nd6 28. Rd1 Nb5 29. Kb2 Nd4 30. Red2 Nf3 31. Nxf3 Rxf3 32. Re2 d4 33. Rxd4
Rxf2 34. Rxf2 exd4 35. Rf6 Kg7 36. Rd6 Re4 37. Rd7+ Kf6 38. Rxb7 Rg4 39. Rxa7
Rxg3 40. Rd7 Rg4 41. a4 Ke6 42. Rd8 Ke7 43. Rc8 Kd7 44. Rc4 Kd6 45. a5 Kd5 46.
a6 Rf4 47. Rc8 Rf7 48. b4 Ra7 49. b5 g5 50. Kc1 1-0

[Event "VI Open Internacional Málaga"]
[Site "Málaga ESP"]
[Date "2003.02.25"]
[Round "7.11"]
[White "Blazquez, Denis"]
[Black "Saldaño, Horacio"]
[Result "0-1"]
[WhiteElo "2178"]
[BlackElo "2442"]
[PlyCount "63"]
[EventDate "2003.02.21"]
[Source "lmi"]
[SourceDate "2003.02.28"]

1. d4 Nf6 2. c4 g6 3. Nc3 Bg7 4. e4 d6 5. Bd3 O-O 6. Nge2 c5 7. d5 e5 8. h3 a6
9. Bg5 h6 10. Be3 Nh5 11. Qd2 Kh7 12. g4 Nf4 13. Nxf4 exf4 14. Bxf4 Qe7 15.
O-O-O Nd7 16. Bg3 b5 17. f4 bxc4 18. Bc2 Rb8 19. Rhe1 Bd4 20. h4 Nf6 21. h5
Nxg4 22. hxg6+ fxg6 23. e5 Bf5 24. exd6 Qxd6 25. Bxf5 gxf5 26. Kb1 Qf6 27. Bh4
Bxc3 28. Bxf6 Bxd2 29. Re7+ Kg6 30. Be5 Nxe5 31. Rxe5 Rfe8 32. Rg1+ 0-1

[Event "VI Open Internacional Málaga"]
[Site "Málaga ESP"]
[Date "2003.02.25"]
[Round "7.12"]
[White "Korneev, Oleg"]
[Black "Parfenov, Pavel"]
[Result "1-0"]
[WhiteElo "2613"]
[BlackElo "2252"]
[PlyCount "71"]
[EventDate "2003.02.21"]
[Source "lmi"]
[SourceDate "2003.02.28"]

1. e4 c5 2. Nf3 Nc6 3. d4 cxd4 4. Nxd4 Qc7 5. Nc3 e6 6. Be3 a6 7. Qd2 Nf6 8.
O-O-O Bb4 9. f3 Ne5 10. Nb3 b5 11. Bd4 Nc4 12. Qg5 Be7 13. e5 h6 14. Qxg7 Rg8
15. exf6 Rxg7 16. fxg7 Qf4+ 17. Kb1 Qg5 18. Ne4 Qg6 19. Nf6+ Bxf6 20. Bxf6 Bb7
21. Bxc4 bxc4 22. Na5 d5 23. Nxb7 Kd7 24. Bc3 Kc6 25. Na5+ Kb6 26. Rhe1 Rg8 27.
b3 Rxg7 28. bxc4 Rg8 29. cxd5 Rc8 30. Re3 exd5 31. Rxd5 Rc5 32. Rxc5 Kxc5 33.
Re5+ Kd6 34. g4 Qg8 35. Rf5 Ke6 36. Nb3 1-0

[Event "VI Open Internacional Málaga"]
[Site "Málaga ESP"]
[Date "2003.02.25"]
[Round "7.14"]
[White "Collas, Didier"]
[Black "Terron Elena, Francisco Miguel"]
[Result "1/2-1/2"]
[WhiteElo "2422"]
[BlackElo "2227"]
[PlyCount "47"]
[EventDate "2003.02.21"]
[Source "lmi"]
[SourceDate "2003.02.28"]

1. e4 e5 2. Nf3 Nc6 3. d4 exd4 4. Nxd4 Bc5 5. Nxc6 Qf6 6. Qd2 dxc6 7. Nc3 Bg4
8. h3 Rd8 9. Bd3 Be6 10. Qf4 Bd4 11. Qxf6 Nxf6 12. Ne2 Bb6 13. f4 Ba5+ 14. Kf2
Bb6+ 15. Be3 h5 16. Bxb6 axb6 17. g3 g6 18. Ke3 O-O 19. Nd4 Bc8 20. Nf3 Rfe8
21. Ne5 Nd7 22. Nxd7 Bxd7 23. Kd2 c5 24. Kc3 1/2-1/2

[Event "VI Open Internacional Málaga"]
[Site "Málaga ESP"]
[Date "2003.02.25"]
[Round "7.15"]
[White "Westerinen, Heikki MJ"]
[Black "Ruiz Jimenez, Francisco Jose"]
[Result "1-0"]
[WhiteElo "2374"]
[BlackElo "2132"]
[PlyCount "105"]
[EventDate "2003.02.21"]
[Source "lmi"]
[SourceDate "2003.02.28"]

1. e4 d5 2. exd5 Qxd5 3. Nc3 Qa5 4. d4 Nf6 5. Nf3 Bg4 6. h3 Bh5 7. g4 Bg6 8.
Ne5 e6 9. Bg2 c6 10. Nxg6 hxg6 11. Bd2 Qb6 12. Ne2 Nbd7 13. c3 Qxb2 14. Rb1
Qxa2 15. Rxb7 Qa6 16. Rb1 Bd6 17. Ra1 Qb5 18. c4 Qb7 19. Qa4 Rc8 20. O-O Qc7
21. Rfc1 c5 22. Be3 O-O 23. Qxa7 cxd4 24. Qxc7 Rxc7 25. Nxd4 Be5 26. f4 Bxd4
27. Bxd4 Rfc8 28. Ra8 Rxa8 29. Bxa8 Nd5 30. Bxd5 exd5 31. c5 Nb8 32. Be5 Rc8
33. Rd1 Na6 34. Bd6 Nb4 35. Rd4 Na2 36. Rxd5 Nc3 37. Re5 f6 38. Re3 Nb5 39. Kf2
Nxd6 40. cxd6 Rd8 41. Re6 Kf7 42. f5 gxf5 43. gxf5 Re8 44. Rxe8 Kxe8 45. Kf3
Kd7 46. Kg4 Kxd6 47. Kh5 Ke5 48. Kg6 Kf4 49. h4 Kg4 50. Kxg7 Kxf5 51. h5 Kg4
52. h6 f5 53. h7 1-0

[Event "VI Open Internacional Málaga"]
[Site "Málaga ESP"]
[Date "2003.02.26"]
[Round "8.4"]
[White "Borbjerggaard, Lars"]
[Black "Cheparinov, Ivan"]
[Result "0-1"]
[WhiteElo "2383"]
[BlackElo "2478"]
[PlyCount "99"]
[EventDate "2003.02.21"]
[Source "lmi"]
[SourceDate "2003.02.28"]

1. d4 Nf6 2. Nf3 g6 3. c4 Bg7 4. Nc3 d6 5. Bg5 h6 6. Bh4 g5 7. Bg3 Nh5 8. e3 e6
9. Be2 Qe7 10. Qc2 Nc6 11. Nd2 Nxg3 12. hxg3 Bd7 13. a3 O-O-O 14. Bd3 f5 15. b4
Rdf8 16. Nb3 f4 17. b5 Nb8 18. e4 fxg3 19. fxg3 Rf7 20. Qd2 Rhf8 21. Nd1 c5 22.
Qa5 cxd4 23. Rc1 Bc6 24. Qxa7 Qf6 25. Rf1 Qe5 26. Rxf7 Rxf7 27. bxc6 Qxg3+ 28.
Kd2 Qxg2+ 29. Be2 Be5 30. Nxd4 Bf4+ 31. Ne3 Qxe4 32. Nb5 Nxc6 33. Qb6 Kb8 34.
Nc3 Qd4+ 35. Qxd4 Nxd4 36. Kd3 Nb3 37. Rf1 Nc5+ 38. Kd2 Rf5 39. Bg4 Bxe3+ 40.
Ke2 Rxf1 41. Kxf1 Kc7 42. Ke2 Bc1 43. Nb5+ Kd7 44. Bf3 Bb2 45. Ke3 Be5 46. Bg4
Bf4+ 47. Kd4 Be5+ 48. Ke3 Kc6 49. Na7+ Kb6 50. Nc8+ 0-1

[Event "VI Open Internacional Málaga"]
[Site "Málaga ESP"]
[Date "2003.02.26"]
[Round "8.5"]
[White "Kovacevic, Slobodan"]
[Black "Matamoros Franco, Carlos"]
[Result "0-1"]
[WhiteElo "2396"]
[BlackElo "2460"]
[PlyCount "50"]
[EventDate "2003.02.21"]
[Source "lmi"]
[SourceDate "2003.02.28"]

1. d4 Nf6 2. Nf3 c5 3. c3 Qc7 4. Bg5 Ne4 5. Bh4 cxd4 6. Nxd4 Qb6 7. Qc1 Nc6 8.
Nd2 g5 9. Nxe4 gxh4 10. e3 d5 11. Nd2 Nxd4 12. exd4 Bf5 13. Be2 Bh6 14. O-O Rg8
15. Bf3 Qf6 16. Kh1 h3 17. Rg1 O-O-O 18. Qd1 hxg2+ 19. Rxg2 Bh3 20. Rxg8 Rxg8
21. Nb3 Bf5 22. Bxd5 Qh4 23. Qf3 Bd7 24. Bxb7+ Kb8 25. h3 Bxh3 0-1

[Event "VI Open Internacional Málaga"]
[Site "Málaga ESP"]
[Date "2003.02.26"]
[Round "8.6"]
[White "De la Paz, Frank"]
[Black "Herrera, Irisberto"]
[Result "1/2-1/2"]
[WhiteElo "2441"]
[BlackElo "2439"]
[PlyCount "23"]
[EventDate "2003.02.21"]
[Source "lmi"]
[SourceDate "2003.02.28"]

1. e4 e5 2. Nf3 Nf6 3. Nxe5 d6 4. Nf3 Nxe4 5. Nc3 Nf6 6. d4 d5 7. Bg5 Be7 8.
Bd3 Bg4 9. h3 Bh5 10. O-O Qd7 11. Re1 O-O 12. Bf5 1/2-1/2

[Event "VI Open Internacional Málaga"]
[Site "Málaga ESP"]
[Date "2003.02.26"]
[Round "8.7"]
[White "Westerinen, Heikki MJ"]
[Black "Rasmussen, Karsten"]
[Result "0-1"]
[WhiteElo "2374"]
[BlackElo "2396"]
[PlyCount "146"]
[EventDate "2003.02.21"]
[Source "lmi"]
[SourceDate "2003.02.28"]

1. e4 c6 2. d4 d5 3. Nc3 dxe4 4. Nxe4 Bf5 5. Ng3 Bg6 6. Bc4 e6 7. N1e2 Nf6 8.
O-O Nbd7 9. f4 Nb6 10. Bd3 Bxd3 11. Qxd3 g6 12. b3 Nbd5 13. c4 Ne7 14. Bb2 Bg7
15. Rad1 O-O 16. Ne4 Nxe4 17. Qxe4 Qa5 18. Qc2 Rfd8 19. Rd3 Rd7 20. Bc3 Qc7 21.
Rfd1 Rad8 22. Kh1 Nf5 23. Qb2 h5 24. Qa3 b6 25. Qc1 Qb7 26. Qd2 Kh7 27. Kg1 Rd6
28. Kf2 c5 29. d5 exd5 30. Rxd5 Rxd5 31. cxd5 Nd4 32. Nxd4 Rxd5 33. Nf3 Rxd2+
34. Bxd2 Bd4+ 35. Kg3 Bf6 36. Be3 Qe4 37. Kf2 Kg7 38. Rd7 a5 39. Rd6 Qc2+ 40.
Rd2 Qb1 41. g3 a4 42. bxa4 c4 43. Nd4 Qh1 44. h4 c3 45. Re2 Qd1 46. Nc2 Qb1 47.
a3 Qb3 48. Kf1 Kh7 49. Kf2 Bg7 50. Kf1 Bf8 51. Bd4 Qxa4 52. Bxc3 Qb3 53. Be1
Qf3+ 54. Bf2 Bc5 55. Ne3 Bxa3 56. Ke1 Bb4+ 57. Kd1 Bc5 58. Ke1 b5 59. Nf1 Bb4+
60. Kd1 Qd3+ 61. Nd2 Bc3 62. Be1 b4 63. Re7 b3 64. Rxf7+ Kg8 65. Rb7 b2 66. Rb3
Kh7 67. f5 gxf5 68. Rb7+ Kg8 69. Rb6 Kf8 70. Rb8+ Ke7 71. Rb3 Kd7 72. Rb7+ Kc8
73. Rb6 Kc7 0-1

[Event "VI Open Internacional Málaga"]
[Site "Málaga ESP"]
[Date "2003.02.26"]
[Round "8.11"]
[White "Amate Tortosa, Bernardo"]
[Black "Suba, Mihai"]
[Result "0-1"]
[WhiteElo "2251"]
[BlackElo "2501"]
[PlyCount "81"]
[EventDate "2003.02.21"]
[Source "lmi"]
[SourceDate "2003.02.28"]

1. e4 c5 2. Nf3 d6 3. d4 Nf6 4. Nc3 cxd4 5. Nxd4 e6 6. Be3 a6 7. f3 b5 8. Bd3
Bb7 9. g4 b4 10. Nce2 d5 11. e5 Nfd7 12. f4 Qh4+ 13. Ng3 Nc6 14. O-O Nxd4 15.
Bxd4 Bc5 16. c3 bxc3 17. bxc3 Bc6 18. a4 O-O 19. Qe2 a5 20. f5 g6 21. Rf4 exf5
22. Raf1 Rae8 23. gxf5 Qh6 24. Kh1 Rxe5 25. Bxe5 Re8 26. fxg6 hxg6 27. Nf5 Qf8
28. Nd4 Nxe5 29. Nxc6 Nxc6 30. Qg4 Ne5 31. Bb5 Rd8 32. Qg5 Qe7 33. Qh6 Bd6 34.
Qh4 Qxh4 35. Rxh4 Rc8 36. c4 Nxc4 37. Bxc4 dxc4 38. Re4 Bb4 39. Re2 c3 40. Kg2
c2 41. Ra1 0-1

[Event "VI Open Internacional Málaga"]
[Site "Málaga ESP"]
[Date "2003.02.26"]
[Round "8.10"]
[White "Alonso, Salvador"]
[Black "Leskovar, Mario"]
[Result "1-0"]
[WhiteElo "2443"]
[BlackElo "2363"]
[PlyCount "73"]
[EventDate "2003.02.21"]
[Source "lmi"]
[SourceDate "2003.02.28"]

1. e4 e5 2. Nf3 d6 3. d4 exd4 4. Qxd4 Nf6 5. Nc3 Be7 6. Bf4 O-O 7. O-O-O Nc6 8.
Qd2 b6 9. h3 Bb7 10. g4 Nb4 11. Bg2 a5 12. Rhe1 Re8 13. Nd4 Nd7 14. a3 Na6 15.
Ndb5 Nac5 16. Nd5 Bxd5 17. exd5 Bf6 18. g5 Be5 19. Be3 Na4 20. Nd4 Bxd4 21.
Qxd4 Nac5 22. h4 Qe7 23. Bd2 Ne5 24. Kb1 Qd7 25. f4 Qg4 26. Bh1 f6 27. gxf6
Qxh4 28. f7+ Nxf7 29. Rg1 g6 30. Bc3 Qh6 31. Bf3 Qf8 32. Rh1 h6 33. Rdg1 Kh7
34. Rxg6 Kxg6 35. Qf6+ Kh7 36. Qf5+ Kg8 37. Qg6+ 1-0

[Event "VI Open Internacional Málaga"]
[Site "Málaga ESP"]
[Date "2003.02.26"]
[Round "8.8"]
[White "Saldaño, Horacio"]
[Black "Korneev, Oleg"]
[Result "0-1"]
[WhiteElo "2442"]
[BlackElo "2613"]
[PlyCount "94"]
[EventDate "2003.02.21"]
[Source "lmi"]
[SourceDate "2003.02.28"]

1. e4 e5 2. Nc3 Nc6 3. Nf3 Nf6 4. d4 exd4 5. Nxd4 Bb4 6. Nxc6 bxc6 7. Bd3 d5 8.
exd5 O-O 9. O-O cxd5 10. Bg5 c6 11. Qf3 Be7 12. Rae1 Re8 13. h3 h6 14. Bf4 Be6
15. Ne2 Qb6 16. b3 c5 17. Ng3 c4 18. Bf5 Rac8 19. Be5 Qd8 20. Re2 Bd6 21. Rfe1
Bxe5 22. Rxe5 cxb3 23. axb3 Qd6 24. R5e2 a5 25. Nh5 Nxh5 26. Qxh5 Qd7 27. Bd3
a4 28. bxa4 Qxa4 29. Re3 Qd4 30. Qe5 Qxe5 31. Rxe5 Red8 32. f4 Rd6 33. Ra1 d4
34. Ra7 g6 35. Rea5 Kg7 36. R7a6 Rdd8 37. Ra4 Bf5 38. Ra7 Bxd3 39. cxd3 Rc3 40.
Rb7 Rd6 41. Raa7 Rf6 42. g3 Rxd3 43. Kg2 g5 44. fxg5 hxg5 45. Rb5 Rd2+ 46. Kh1
Kh6 47. g4 d3 0-1

[Event "VI Open Internacional Málaga"]
[Site "Málaga ESP"]
[Date "2003.02.26"]
[Round "8.12"]
[White "Terron Elena, Francisco Miguel"]
[Black "Vasquez, Rodrigo"]
[Result "0-1"]
[WhiteElo "2227"]
[BlackElo "2481"]
[PlyCount "64"]
[EventDate "2003.02.21"]
[Source "lmi"]
[SourceDate "2003.02.28"]

1. e4 c5 2. Nf3 d6 3. d4 cxd4 4. Nxd4 Nf6 5. f3 a6 6. c4 e6 7. Nc3 b6 8. Be2
Bb7 9. O-O Nbd7 10. Be3 Be7 11. Rc1 O-O 12. a3 Rc8 13. b4 Rc7 14. Nb3 Qb8 15.
Qd2 Rfc8 16. Bf4 Ne8 17. Na4 Bc6 18. Nb2 Ba8 19. Rc2 Bf6 20. Rfc1 Ne5 21. Be3
h6 22. Kh1 d5 23. exd5 exd5 24. c5 b5 25. Nd4 Nc4 26. Nxc4 dxc4 27. Bf1 Rd7 28.
Qf2 Qe5 29. Ne2 Nc7 30. Nc3 Ne6 31. Re1 Qf5 32. Rd2 Nxc5 0-1

[Event "VI Open Internacional Málaga"]
[Site "Málaga ESP"]
[Date "2003.02.26"]
[Round "8.13"]
[White "Grichkevitch, Gilles"]
[Black "Ivanov, Jordan"]
[Result "0-1"]
[WhiteElo "2179"]
[BlackElo "2446"]
[PlyCount "68"]
[EventDate "2003.02.21"]
[Source "lmi"]
[SourceDate "2003.02.28"]

1. e4 c5 2. Nf3 e6 3. d4 cxd4 4. Nxd4 Nf6 5. Nc3 d6 6. Be3 Be7 7. Bd3 O-O 8.
O-O Nc6 9. Kh1 Nxd4 10. Bxd4 e5 11. Be3 Be6 12. f4 Ng4 13. Bg1 exf4 14. Nd5 g5
15. Nxe7+ Qxe7 16. Bd4 Ne5 17. Qe1 f6 18. g3 Bh3 19. gxf4 Bxf1 20. Qxf1 gxf4
21. Qxf4 Kh8 22. Rf1 Rf7 23. Bb5 a6 24. Ba4 Raf8 25. Bb3 Rg7 26. Bd5 Rg4 27.
Qf2 b5 28. a4 bxa4 29. Qe2 Rh4 30. Qxa6 Ng4 31. Rf4 Rxh2+ 32. Kg1 Rd2 33. Rxg4
Rxd4 34. Qf1 Rd2 0-1

[Event "VI Open Internacional Málaga"]
[Site "Málaga ESP"]
[Date "2003.02.26"]
[Round "8.14"]
[White "Bellon Lopez, Juan Manuel"]
[Black "Garcia Jimenez, Francisco Javier"]
[Result "1-0"]
[WhiteElo "2428"]
[BlackElo "2185"]
[PlyCount "59"]
[EventDate "2003.02.21"]
[Source "lmi"]
[SourceDate "2003.02.28"]

1. d4 e6 2. Nf3 h6 3. c4 g5 4. Nc3 Bg7 5. g3 Ne7 6. e4 d6 7. h4 g4 8. Nh2 h5 9.
Be3 Nbc6 10. Bg2 Ng6 11. Qd2 Bd7 12. O-O-O Nce7 13. f3 f5 14. Bg5 c6 15. exf5
exf5 16. fxg4 fxg4 17. Be4 Qa5 18. Rhf1 Nf5 19. Nb5 Qxd2+ 20. Rxd2 O-O 21. Bxf5
Bxf5 22. Nxd6 Be6 23. Re1 Bf7 24. Nf1 b5 25. Ne3 Bxc4 26. Nexc4 bxc4 27. Re6
Kh7 28. Nxc4 Rf3 29. Ne5 Rf1+ 30. Kc2 1-0